000 01178nam a2200289 i 4500
003 DO-SdBNP
005 20240913115543.0
007 ta
008 240913s1991 sp 000 0 spa d
020 _a8473325999
040 _aDO-SdBNP
_bspa
_cBNPHU
_erda
082 _bG724R
_222
245 0 0 _aJuan Goytisolo :
_bla Semana de Autor sobre Juan Goytisolo tuvo lugar en el Centro Cultural del Instituto de Cooperación Iberoamericana de Buenos Aires del 2 al 5 de octubre de 1989 /
_cedición coordinada por Manuel Ruiz Lagos.
264 1 _aMadrid, España :
_bInstituto de Cooperación Iberoamericana,
_bEdiciones de Cultura Hispánica,
_c1991.
300 _a147 páginas,
_c25 cm.
336 _2rdacontent
_atexto
_btxt
337 _2rdamedia
_asin mediación
_bn
338 _2rdacarrier
_avolumen
_bnc
500 _aIncluye datos biografícos de los participantes.
504 _aBibliografía p: 123-141.
590 _aInventariado, 2024/ YL
600 _aGoytisolo, Juan
_vCongresos.
_xCrítica e interpretación
_986572
700 1 _aGoytisolo, Juan
_93544
700 1 _aRuiz Lagos, Manuel,
_d1939-
_eedición
_986573
910 _aYLockward
942 _2ddc
_cLBS1
999 _c57683
_d57683